Sudden Death - Nur die 18 besten Bundesligateams der Ewigen Tabelle - Statistiken

Allgemein
  • Dieses Quiz wurde 409 mal gespielt
  • Das Durchschnittsergebnis liegt bei 11 aus 18
Answers on the Grid
Answers color-coded by a green-red scale on the quiz's grid according to % correct below.
1. FC Kaiserslautern
Alemannia Aachen
TSV 1860 München
Hannover 96
FC Schalke 04
FC Bayern München
SC Freiburg
Eintracht Braunschweig
Fortuna Düsseldorf
VfL Bochum
Borussia Mönchengladbach
SpVgg Unterhacing
MSV Duisburg
Werder Bremen
1. FC Nürnberg
Karlsruher SC
Hamburger SV
1. FSV Mainz 05
Arminia Bielefeld
VfB Stuttgart
VfL Wolfsburg
TSG 1899 Hoffenheim
Borussia Dortmund
FC Augsburg
KFC Uerdingen 05
Rot-Weiss Essen
Hertha BSC
1. FC Köln
RB Leipzig
Eintracht Frankfurt
FC St. Pauli
1. FC Union Berlin
SpVgg Greuther Fürth
Bayer 04 Leverkusen
1. FC Saarbrücken
 
Antwortstatistiken
Antwort % Korrekt
FC Bayern München
94%
Borussia Dortmund
84%
Borussia Mönchengladbach
83%
FC Schalke 04
83%
VfB Stuttgart
79%
Bayer 04 Leverkusen
76%
Hamburger SV
76%
Eintracht Frankfurt
75%
1. FC Köln
66%
Werder Bremen
66%
1. FC Kaiserslautern
61%
1. FC Nürnberg
53%
Hertha BSC
51%
VfL Wolfsburg
48%
SC Freiburg
32%
Hannover 96
28%
VfL Bochum
28%
MSV Duisburg
12%
Keine übereinstimmenden Quizze gefunden
Verteilung der Resultate
Anzahl Personen mit jedem Resultat
Perzentil nach korrekt beantworteten Fragen
Ihre Resultats-Entwicklung
Sie haben dieses Quiz noch nicht gespielt